000
00240nam a2200109 4500
082
_a
NAG
100
_a
Nagpal, G.R.
245
_a
Machine Tool Engineering
250
_a
7th ed.
260
_a
New Delhi:
_b
Khanna Publishers,
_c
1997.
942
_c
BK
999
_c
9102
_d
9102